000 00499nam a22001817a 4500
005 20180818123018.0
010 _aB-307211
020 _c85.00
035 _aB-307211
037 _bPublication Division
082 _a954
245 _aAncient India/
_cedited by Sapna N. Singh
260 _aDelhi
_bPublication Division
_c2001
300 _a164p.
_c22cm(Pbk)
700 _aSingh, Sapna N.
942 _2ddc
_cEN
_h954
_mANC
999 _c156011
_d156011